[Event "AUT-ch Open 2020"]
[Site "Graz"]
[Date "2020.02.19"]
[Round "7.9"]
[White "Soham Das"]
[Black "Simonetto, Andrea"]
[Result "1/2-1/2"]
[WhiteElo "2336"]
[BlackElo "2158"]
[Annotator "ChessBase"]
[PlyCount "149"]
[EventDate "2020.02.14"]
[EventType "swiss"]
[EventCountry "AUT"]
[SourceTitle "playchess.com"]
[Source "ChessBase"]
[SourceQuality "1"]
[TimeControl "40/5400+30:1800+30"]

1. d4 {[%emt 0:06:09]} d5 {[%emt 0:00:00]} 2. Bf4 {[%emt 0:00:08]} Nf6 {[%emt 0:00:00]} 3. e3 {[%emt 0:00:16]} e6 {[%emt 0:00:00]} 4. Nd2 {[%emt 0:01:35]} Bd6 {[%emt 0:00:49]} 5. Bg3 {[%emt 0:00:06]} O-O {[%emt 0:00:23]} 6. Ngf3 {[%emt 0:06:17]} b6 {[%emt 0:00:55]} 7. Ne5 {[%emt 0:02:40]} c5 {[%emt 0:01:41]} 8. c3 {[%emt 0:01:11]} Qc7 {[%emt 0:02:42]} 9. f4 {[%emt 0:05:49]} Nc6 {[%emt 0:01:42]} 10. Bd3 {[%emt 0:01:54]} Bb7 {[%emt 0:00:50]} 11. Qf3 {[%emt 0:00:36]} Ne8 {[%emt 0:07:32]} 12. Bf2 {[%emt 0:10:07]} f6 {[%emt 0:04:49]} 13. Qh3 {[%emt 0:00:24]} g6 {[%emt 0:14:13]} 14. Qxe6+ {[%emt 0:03:28]} Kg7 {[%emt 0:00:12]} 15. Nxc6 {[%emt 0:05:18]} Qxc6 {[%emt 0:00:13]} 16. Qh3 {[%emt 0:06:25]} cxd4 {[%emt 0:01:18]} 17. cxd4 {[%emt 0:02:27]} Bb4 {[%emt 0:03:05]} 18. Ke2 {[%emt 0:05:26]} Bxd2 {[%emt 0:00:44]} 19. Kxd2 {[%emt 0:00:01]} Qa4 {[%emt 0:03:46]} 20. b3 {[%emt 0:09:16]} Qa5+ {[%emt 0:02:06]} 21. Ke2 {[%emt 0:00:13]} Ba6 {[%emt 0:01:41]} 22. Rhc1 {[%emt 0:05:58]} Bxd3+ {[%emt 0:01:06]} 23. Kxd3 {[%emt 0:00:01]} Qb5+ {[%emt 0:00:13]} 24. Kd2 {[%emt 0:00:06]} f5 {[%emt 0:09:58]} 25. g4 {[%emt 0:01:42]} fxg4 {[%emt 0:01:21]} 26. Qxg4 {[%emt 0:00:22]} Nf6 {[%emt 0:00:38]} 27. Qe6 {[%emt 0:04:42]} Rae8 {[%emt 0:06:11]} 28. Rc7+ {[%emt 0:00:46]} Kh8 {[%emt 0:00:08]} 29. Qh3 {[%emt 0:01:29]} h5 {[%emt 0:02:52]} 30. Qf1 {[%emt 0:13:09]} Ne4+ {[%emt 0:00:51]} 31. Kc2 {[%emt 0:00:13]} Qa5 {[%emt 0:00:29]} 32. Be1 {[%emt 0:00:11]} Qa3 {[%emt 0:00:54]} 33. Qb5 {[%emt 0:02:07]} Rc8 {[%emt 0:02:31]} 34. Qd7 {[%emt 0:02:52]} Rxc7+ {[%emt 0:00:09]} 35. Qxc7 {[%emt 0:00:00]} Qa6 {[%emt 0:31:28]} 36. Qe5+ {[%emt 0:00:12]} Kh7 {[%emt 0:00:00]} 37. Qe7+ {[%emt 0:01:46]} Kg8 {[%emt 0:00:00]} 38. Qe6+ {[%emt 0:02:20]} Kg7 {[%emt 0:00:00]} 39. Qe7+ {[%emt 0:00:50]} Rf7 {[%emt 0:00:00]} 40. Qe5+ {[%emt 0:00:12]} Kh7 {[%emt 0:00:00]} 41. Kb2 {[%emt 0:09:03]} Qe2+ {[%emt 0:00:00]} 42. Ka3 {[%emt 0:00:01]} Qxe3 {[%emt 0:00:00]} 43. Qxd5 {[%emt 0:03:36]} Qxf4 {[%emt 0:00:00]} 44. Bg3 {[%emt 0:01:19]} Nxg3 {[%emt 0:00:00]} 45. hxg3 {[%emt 0:00:01]} Qc7 {[%emt 0:00:00]} 46. Re1 {[%emt 0:03:02]} Rd7 {[%emt 0:00:00]} 47. Qe5 {[%emt 0:02:41]} Qxe5 {[%emt 0:03:54]} 48. dxe5 {[%emt 0:00:08]} Kg7 {[%emt 0:00:08]} 49. Kb4 {[%emt 0:06:49]} Rd3 {[%emt 0:01:26]} 50. g4 {[%emt 0:01:33]} hxg4 {[%emt 0:03:45]} 51. Kb5 {[%emt 0:02:48]} Rd5+ {[%emt 0:05:59]} 52. Kc6 {[%emt 0:00:38]} Rd2 {[%emt 0:00:08]} 53. a4 {[%emt 0:01:05]} Kf7 {[%emt 0:01:03]} 54. e6+ {[%emt 0:03:11]} Ke7 {[%emt 0:00:11]} 55. Kb7 {[%emt 0:00:08]} Rd3 {[%emt 0:03:09]} 56. b4 {[%emt 0:00:21]} Ra3 {[%emt 0:00:34]} 57. Kxa7 {[%emt 0:02:29]} Rxa4+ {[%emt 0:00:08]} 58. Kxb6 {[%emt 0:00:04]} Rxb4+ {[%emt 0:00:05]} 59. Kc5 {[%emt 0:00:03]} Ra4 {[%emt 0:02:37]} 60. Kd5 {[%emt 0:00:29]} g3 {[%emt 0:01:12]} 61. Rg1 {[%emt 0:01:32]} Rg4 {[%emt 0:00:49]} 62. Rg2 {[%emt 0:00:25]} Kf6 {[%emt 0:00:47]} 63. Kd6 {[%emt 0:00:46]} Rd4+ {[%emt 0:01:23]} 64. Kc5 {[%emt 0:00:05]} Rd3 {[%emt 0:01:36]} 65. Re2 {[%emt 0:00:57]} Ke7 {[%emt 0:00:38]} 66. Re4 {[%emt 0:00:14]} g5 {[%emt 0:01:05]} 67. Re5 {[%emt 0:00:38]} Ra3 {[%emt 0:02:00]} 68. Kb4 {[%emt 0:00:39]} Rf3 {[%emt 0:00:59]} 69. Rxg5 {[%emt 0:00:28]} Kxe6 {[%emt 0:00:07]} 70. Kc4 {[%emt 0:00:06]} Kf6 {[%emt 0:00:10]} 71. Rg8 {[%emt 0:00:06]} Kf5 {[%emt 0:00:23]} 72. Kd4 {[%emt 0:00:13]} Rf4+ {[%emt 0:01:55]} 73. Ke3 {[%emt 0:00:14]} Rg4 {[%emt 0:00:07]} 74. Rf8+ {[%emt 0:00:06]} Kg5 {[%emt 0:00:03]} 75. Rg8+ {[%emt 0:00:33]} 1/2-1/2

[Event "AUT-ch Open 2020"]
[Site "Graz"]
[Date "2020.02.19"]
[Round "7.9"]
[White "Dimitrov, Vladimir"]
[Black "Froewis, Georg"]
[Result "1/2-1/2"]
[WhiteElo "2285"]
[BlackElo "2461"]
[Annotator "ChessBase"]
[PlyCount "94"]
[EventDate "2020.02.14"]
[EventType "swiss"]
[EventCountry "AUT"]
[SourceTitle "playchess.com"]
[Source "ChessBase"]
[SourceQuality "1"]
[TimeControl "40/5400+30:1800+30"]

1. d4 {[%emt 0:00:00]} d5 {[%emt 0:00:00]} 2. c4 {[%emt 0:00:00]} e6 {[%emt 0:00:00]} 3. Nc3 {[%emt 0:00:00]} a6 {[%emt 0:00:00]} 4. cxd5 {[%emt 0:01:47]} exd5 {[%emt 0:00:00]} 5. Nf3 {[%emt 0:01:11]} Nf6 {[%emt 0:00:00]} 6. Bg5 {[%emt 0:01:21]} Be6 {[%emt 0:00:00]} 7. e3 {[%emt 0:00:51]} Nbd7 {[%emt 0:00:05]} 8. Bd3 {[%emt 0:00:31]} Bd6 {[%emt 0:00:36]} 9. O-O {[%emt 0:02:15]} O-O {[%emt 0:00:04]} 10. h3 {[%emt 0:05:45]} c6 {[%emt 0:01:33]} 11. Bf4 {[%emt 0:01:24]} Qb8 {[%emt 0:00:16]} 12. Bxd6 {[%emt 0:11:13]} Qxd6 {[%emt 0:00:02]} 13. Qc2 {[%emt 0:00:10]} Rfe8 {[%emt 0:03:09]} 14. Rfe1 {[%emt 0:05:29]} Nf8 {[%emt 0:02:08]} 15. Na4 {[%emt 0:03:07]} Rad8 {[%emt 0:03:04]} 16. Nc5 {[%emt 0:01:43]} Bc8 {[%emt 0:00:07]} 17. b4 {[%emt 0:00:18]} Ne4 {[%emt 0:05:45]} 18. Bxe4 {[%emt 0:10:52]} dxe4 {[%emt 0:00:12]} 19. Nxe4 {[%emt 0:00:28]} Qxb4 {[%emt 0:04:00]} 20. Nc5 {[%emt 0:01:05]} Qa5 {[%emt 0:01:07]} 21. Rab1 {[%emt 0:04:17]} b6 {[%emt 0:15:46]} 22. Na4 {[%emt 0:06:34]} Qh5 {[%emt 0:02:34]} 23. Ne5 {[%emt 0:08:21]} c5 {[%emt 0:08:33]} 24. Nxb6 {[%emt 0:00:29]} cxd4 {[%emt 0:01:01]} 25. exd4 {[%emt 0:00:40]} Bf5 {[%emt 0:05:34]} 26. Qd1 {[%emt 0:00:43]} Qh6 {[%emt 0:05:44]} 27. Rb3 {[%emt 0:00:43]} Qd6 {[%emt 0:03:05]} 28. Qf3 {[%emt 0:07:07]} Be6 {[%emt 0:06:11]} 29. d5 {[%emt 0:00:28]} Bxd5 {[%emt 0:00:04]} 30. Qxd5 {[%emt 0:00:34]} Qxd5 {[%emt 0:00:15]} 31. Nxd5 {[%emt 0:00:12]} Rxd5 {[%emt 0:00:37]} 32. Nf3 {[%emt 0:02:04]} Rxe1+ {[%emt 0:01:43]} 33. Nxe1 {[%emt 0:00:11]} g6 {[%emt 0:00:34]} 34. Nd3 {[%emt 0:02:59]} Ne6 {[%emt 0:00:33]} 35. Nb4 {[%emt 0:00:41]} Rd1+ {[%emt 0:00:27]} 36. Kh2 {[%emt 0:00:10]} a5 {[%emt 0:01:30]} 37. Nc6 {[%emt 0:00:56]} a4 {[%emt 0:02:06]} 38. Rb4 {[%emt 0:01:57]} Rd6 {[%emt 0:15:04]} 39. Ne5 {[%emt 0:01:22]} Rd4 {[%emt 0:00:11]} 40. Rb7 {[%emt 0:04:14]} Rd2 {[%emt 0:01:29]} 41. Nxf7 {[%emt 0:31:55]} Rxa2 {[%emt 0:30:20]} 42. Nh6+ {[%emt 0:00:21]} Kf8 {[%emt 0:00:49]} 43. Rxh7 {[%emt 0:01:14]} Rxf2 {[%emt 0:00:35]} 44. Ra7 {[%emt 0:00:10]} Ra2 {[%emt 0:02:55]} 45. Ng4 {[%emt 0:00:46]} g5 {[%emt 0:09:22]} 46. Nf6 {[%emt 0:01:50]} Nf4 {[%emt 0:01:27]} 47. Rd7 {[%emt 0:00:13]} Rxg2+ {[%emt 0:02:12]} 1/2-1/2

[Event "AUT-ch Open 2020"]
[Site "Graz"]
[Date "2020.02.19"]
[Round "7.10"]
[White "Gavrilescu, David"]
[Black "Megalios, Konstantinos"]
[Result "1-0"]
[WhiteElo "2455"]
[BlackElo "2455"]
[Annotator "ChessBase"]
[PlyCount "53"]
[EventDate "2020.02.14"]
[EventType "swiss"]
[EventCountry "AUT"]
[SourceTitle "playchess.com"]
[Source "ChessBase"]
[SourceQuality "1"]
[TimeControl "40/5400+30:1800+30"]

1. e4 {[%emt 0:00:00]} e5 {[%emt 0:00:00]} 2. Nf3 {[%emt 0:00:21]} Nc6 {[%emt 0:00:00]} 3. Bb5 {[%emt 0:00:28]} g6 {[%emt 0:00:23]} 4. c3 {[%emt 0:00:38]} a6 {[%emt 0:00:19]} 5. Ba4 {[%emt 0:00:21]} Bg7 {[%emt 0:00:14]} 6. d4 {[%emt 0:00:26]} exd4 {[%emt 0:00:10]} 7. cxd4 {[%emt 0:00:11]} b5 {[%emt 0:00:18]} 8. Bb3 {[%emt 0:00:31]} Nge7 {[%emt 0:00:29]} 9. d5 {[%emt 0:01:13]} Na5 {[%emt 0:00:20]} 10. Bd2 {[%emt 0:00:08]} Nxb3 {[%emt 0:10:03]} 11. Qxb3 {[%emt 0:00:22]} c5 {[%emt 0:02:39]} 12. Bc3 {[%emt 0:04:20]} f6 {[%emt 0:19:24]} 13. d6 {[%emt 0:06:47]} Nc6 {[%emt 0:00:08]} 14. Qd5 {[%emt 0:00:55]} Qb6 {[%emt 0:08:47]} 15. Ng5 {[%emt 0:07:29]} Nd8 {[%emt 0:10:14]} 16. Qxa8 {[%emt 0:06:44]} Bb7 {[%emt 0:00:07]} 17. Qb8 {[%emt 0:00:13]} b4 {[%emt 0:00:07]} 18. Nf3 {[%emt 0:28:54]} bxc3 {[%emt 0:07:05]} 19. Nxc3 {[%emt 0:01:21]} Qxb2 {[%emt 0:00:50]} 20. O-O {[%emt 0:00:44]} Qxc3 {[%emt 0:01:05]} 21. Rab1 {[%emt 0:01:39]} O-O {[%emt 0:02:13]} 22. Rxb7 {[%emt 0:00:23]} Nxb7 {[%emt 0:00:14]} 23. Qxb7 {[%emt 0:00:02]} Qd3 {[%emt 0:06:16]} 24. Qxd7 {[%emt 0:01:26]} Qxe4 {[%emt 0:00:07]} 25. Re1 {[%emt 0:00:27]} Qd5 {[%emt 0:00:50]} 26. h4 {[%emt 0:01:35]} f5 {[%emt 0:03:56]} 27. Ng5 {[%emt 0:03:15]} 1-0

[Event "AUT-ch Open 2020"]
[Site "Graz"]
[Date "2020.02.19"]
[Round "7.10"]
[White "Klings, Peter"]
[Black "Rathnakaran, K.."]
[Result "1-0"]
[WhiteElo "2154"]
[BlackElo "2334"]
[Annotator "NA"]
[PlyCount "75"]
[EventDate "2020.02.14"]
[EventType "swiss"]
[EventCountry "AUT"]
[SourceTitle "playchess.com"]
[Source "ChessBase"]
[SourceQuality "1"]
[TimeControl "40/5400+30:1800+30"]

1. Nf3 {[%emt 0:00:00]} g6 {[%emt 0:00:00]} 2. d4 {[%emt 0:00:00]} Bg7 {[%emt 1:31:00]} 3. c4 {[%emt 0:01:16]} d6 {[%emt 0:00:00]} 4. Nc3 {[%emt 0:00:16]} Nd7 {[%emt 0:00:00]} 5. e4 {[%emt 0:00:16]} e5 {[%emt 0:00:00]} 6. Be2 {[%emt 0:00:22]} Ne7 {[%emt 0:00:00]} 7. h4 {[%emt 0:03:06]} h6 {[%emt 0:00:00]} 8. h5 {[%emt 0:04:06]} g5 {[%emt 0:00:00]} 9. d5 {[%emt 0:00:07]} f5 {[%emt 0:00:00]} 10. Nd2 {[%emt 0:05:46]} Nf6 {[%emt 0:00:00]} 11. f3 {[%emt 0:01:20]} f4 {[%emt 0:00:00]} 12. b4 {[%emt 0:00:47]} O-O {[%emt 0:00:00]} 13. c5 {[%emt 0:00:19]} c6 {[%emt 0:00:00]} 14. cxd6 {[%emt 0:05:49]} Nexd5 {[%emt 0:00:00]} 15. exd5 {[%emt 0:00:59]} cxd5 {[%emt 0:00:00]} 16. Qb3 {[%emt 0:08:12]} Kh8 {[%emt 0:00:00]} 17. b5 {[%emt 0:10:40]} e4 {[%emt 0:00:00]} 18. Qb4 {[%emt 0:08:27]} exf3 {[%emt 0:00:00]} 19. Nxf3 {[%emt 0:01:36]} Qe8 {[%emt 0:00:00]} 20. Bb2 {[%emt 0:09:19]} g4 {[%emt 0:00:00]} 21. Nh4 {[%emt 0:04:57]} Qe3 {[%emt 0:00:00]} 22. Ng6+ {[%emt 0:02:58]} Kg8 {[%emt 0:00:00]} 23. Qxf4 {[%emt 0:01:18]} Qxf4 {[%emt 0:00:00]} 24. Nxf4 {[%emt 0:01:11]} Ne4 {[%emt 0:00:00]} 25. Nfxd5 {[%emt 0:00:58]} Ng3 {[%emt 0:00:00]} 26. Ne7+ {[%emt 0:02:29]} Kf7 {[%emt 0:00:00]} 27. O-O-O {[%emt 0:12:53]} Nxh1 {[%emt 0:00:00]} 28. Bc4+ {[%emt 0:03:06]} Be6 {[%emt 0:00:00]} 29. Rf1+ {[%emt 0:00:55]} Ke8 {[%emt 0:00:00]} 30. Rxf8+ {[%emt 0:00:07]} Bxf8 {[%emt 0:00:00]} 31. Bxe6 {[%emt 0:00:08]} Bxe7 {[%emt 0:00:00]} 32. dxe7 {[%emt 0:00:06]} Kxe7 {[%emt 0:00:00]} 33. Bxg4 {[%emt 0:00:41]} Rg8 {[%emt 0:00:00]} 34. Bf3 {[%emt 0:00:48]} b6 {[%emt 0:00:00]} 35. Ne4 {[%emt 0:03:40]} Ng3 {[%emt 0:00:00]} 36. Ba3+ {[%emt 0:01:49]} Kf7 {[%emt 0:00:00]} 37. Nxg3 {[%emt 0:01:45]} Rxg3 {[%emt 0:00:00]} 38. Bd6 {[%emt 0:00:54]} 1-0

[Event "AUT-ch Open 2020"]
[Site "Graz"]
[Date "2020.02.19"]
[Round "7.11"]
[White "Janzelj, Tim"]
[Black "Giannoulakis, Lampros"]
[Result "1-0"]
[WhiteElo "2451"]
[BlackElo "2266"]
[Annotator "ChessBase"]
[PlyCount "83"]
[EventDate "2020.02.14"]
[EventType "swiss"]
[EventCountry "AUT"]
[SourceTitle "playchess.com"]
[Source "ChessBase"]
[SourceQuality "1"]
[TimeControl "40/5400+30:1800+30"]

1. e4 {[%emt 0:00:00]} c5 {[%emt 0:00:00]} 2. Nf3 {[%emt 0:00:00]} d6 {[%emt 0:00:00]} 3. Bb5+ {[%emt 0:00:00]} Nd7 {[%emt 0:00:33]} 4. c3 {[%emt 0:00:09]} Ngf6 {[%emt 0:00:09]} 5. Qe2 {[%emt 0:00:07]} a6 {[%emt 0:00:19]} 6. Ba4 {[%emt 0:00:08]} b5 {[%emt 0:00:06]} 7. Bc2 {[%emt 0:00:10]} e5 {[%emt 0:00:43]} 8. d4 {[%emt 0:01:11]} Be7 {[%emt 0:00:19]} 9. O-O {[%emt 0:02:24]} O-O {[%emt 0:00:48]} 10. Rd1 {[%emt 0:03:27]} Qc7 {[%emt 0:01:34]} 11. h3 {[%emt 0:05:27]} Re8 {[%emt 0:00:51]} 12. a4 {[%emt 0:03:08]} Rb8 {[%emt 0:05:15]} 13. dxe5 {[%emt 0:01:42]} dxe5 {[%emt 0:02:23]} 14. b3 {[%emt 0:18:59]} Nf8 {[%emt 0:02:53]} 15. axb5 {[%emt 0:04:16]} axb5 {[%emt 0:00:05]} 16. Na3 {[%emt 0:00:09]} b4 {[%emt 0:06:17]} 17. Nc4 {[%emt 0:10:28]} Ng6 {[%emt 0:04:02]} 18. cxb4 {[%emt 0:00:07]} cxb4 {[%emt 0:00:20]} 19. Be3 {[%emt 0:00:02]} Be6 {[%emt 0:07:04]} 20. Ra7 {[%emt 0:02:41]} Bxc4 {[%emt 0:01:45]} 21. bxc4 {[%emt 0:00:55]} Rb7 {[%emt 0:02:08]} 22. Rxb7 {[%emt 0:00:56]} Qxb7 {[%emt 0:00:08]} 23. c5 {[%emt 0:03:22]} b3 {[%emt 0:22:03]} 24. Rb1 {[%emt 0:00:16]} Bxc5 {[%emt 0:12:21]} 25. Rxb3 {[%emt 0:06:40]} Qa7 {[%emt 0:02:23]} 26. Bxc5 {[%emt 0:05:06]} Qxc5 {[%emt 0:00:06]} 27. g3 {[%emt 0:00:13]} Rc8 {[%emt 0:02:43]} 28. Bd3 {[%emt 0:00:40]} h6 {[%emt 0:01:43]} 29. Rb5 {[%emt 0:04:36]} Qc3 {[%emt 0:04:30]} 30. Kh2 {[%emt 0:02:22]} Nd7 {[%emt 0:04:30]} 31. Bb1 {[%emt 0:02:29]} Nc5 {[%emt 0:04:02]} 32. Ba2 {[%emt 0:03:36]} Nf8 {[%emt 0:02:47]} 33. Kg2 {[%emt 0:03:51]} Nfd7 {[%emt 0:04:16]} 34. Nh4 {[%emt 0:09:36]} Nf6 {[%emt 0:03:21]} 35. Nf5 {[%emt 0:01:14]} Rd8 {[%emt 0:01:15]} 36. Ne7+ {[%emt 0:01:20]} Kf8 {[%emt 0:00:13]} 37. Nd5 {[%emt 0:00:42]} Nxd5 {[%emt 0:00:57]} 38. Bxd5 {[%emt 0:00:02]} g6 {[%emt 0:01:08]} 39. Rb6 {[%emt 0:01:19]} Kg7 {[%emt 0:01:20]} 40. Rc6 {[%emt 0:00:14]} Qd4 {[%emt 0:01:46]} 41. Qf3 {[%emt 0:06:13]} f5 {[%emt 0:11:02]} 42. Rxg6+ {[%emt 0:00:27]} 1-0

[Event "AUT-ch Open 2020"]
[Site "Graz"]
[Date "2020.02.19"]
[Round "7.11"]
[White "Buonanno, Raffaele"]
[Black "Zadruzny, Nicolaj"]
[Result "1/2-1/2"]
[WhiteElo "2151"]
[BlackElo "2334"]
[Annotator "NA"]
[PlyCount "62"]
[EventDate "2020.02.14"]
[EventType "swiss"]
[EventCountry "AUT"]
[SourceTitle "playchess.com"]
[Source "ChessBase"]
[SourceQuality "1"]
[TimeControl "40/5400+30:1800+30"]

1. d4 {[%emt 0:00:00]} Nf6 {[%emt 0:00:00]} 2. c4 {[%emt 0:00:01]} e6 {[%emt 0:00:00]} 3. g3 {[%emt 0:00:11]} d5 {[%emt 0:00:00]} 4. Bg2 {[%emt 0:00:43]} dxc4 {[%emt 0:00:21]} 5. Nf3 {[%emt 0:00:11]} a6 {[%emt 0:00:18]} 6. a4 {[%emt 0:01:03]} Nc6 {[%emt 0:00:33]} 7. O-O {[%emt 0:00:30]} Rb8 {[%emt 0:00:50]} 8. Nc3 {[%emt 0:05:19]} Nd5 {[%emt 0:11:25]} 9. e4 {[%emt 0:08:41]} Nxc3 {[%emt 0:00:34]} 10. bxc3 {[%emt 0:00:03]} Na5 {[%emt 0:01:57]} 11. Ne5 {[%emt 0:03:02]} Nb3 {[%emt 0:14:34]} 12. Rb1 {[%emt 0:02:36]} Bd7 {[%emt 0:07:56]} 13. Qh5 {[%emt 0:08:27]} g6 {[%emt 0:00:07]} 14. Qf3 {[%emt 0:00:02]} f6 {[%emt 0:00:32]} 15. Nxd7 {[%emt 0:00:28]} Qxd7 {[%emt 0:06:30]} 16. Qxf6 {[%emt 0:02:34]} Bg7 {[%emt 0:00:09]} 17. Qf3 {[%emt 0:00:31]} Qf7 {[%emt 0:13:13]} 18. Qe2 {[%emt 0:01:26]} e5 {[%emt 0:01:15]} 19. d5 {[%emt 0:01:27]} b5 {[%emt 0:00:39]} 20. axb5 {[%emt 0:00:04]} axb5 {[%emt 0:00:06]} 21. Bh3 {[%emt 0:01:45]} Qe7 {[%emt 0:01:28]} 22. Be6 {[%emt 0:01:49]} Rb6 {[%emt 0:10:23]} 23. Rd1 {[%emt 0:12:25]} Nxc1 {[%emt 0:07:34]} 24. Rdxc1 {[%emt 0:00:42]} Bh6 {[%emt 0:03:25]} 25. Rf1 {[%emt 0:04:08]} Kf8 {[%emt 0:05:23]} 26. f4 {[%emt 0:00:49]} exf4 {[%emt 0:00:25]} 27. gxf4 {[%emt 0:01:04]} Kg7 {[%emt 0:00:42]} 28. f5 {[%emt 0:08:41]} Rf8 {[%emt 0:00:15]} 29. fxg6 {[%emt 0:01:31]} hxg6 {[%emt 0:06:12]} 30. Rxf8 {[%emt 0:00:30]} Kxf8 {[%emt 0:01:35]} 31. Rf1+ {[%emt 0:00:45]} Ke8 {[%emt 0:00:25]} 1/2-1/2

[Event "AUT-ch Open 2020"]
[Site "Graz"]
[Date "2020.02.19"]
[Round "7.12"]
[White "Menezes, Christoph"]
[Black "Istratescu, Andrei"]
[Result "1/2-1/2"]
[WhiteElo "2552"]
[BlackElo "2552"]
[Annotator "TA"]
[PlyCount "68"]
[EventDate "2020.02.14"]
[EventType "swiss"]
[EventCountry "AUT"]
[SourceTitle "playchess.com"]
[Source "ChessBase"]
[SourceQuality "1"]

{[%evp 12,68,20,13,26,16,16,-27,-34,-7,39,10,11,0,0,0,8,0,12,6,26,22,27,26,60,56,27,19,103,108,114,116,116,116,111,110,114,17,10,0,0,0,0,-8,0,0,0,0,0,0,0,0,0,0,0,0,0,0,0]} 1. d4 Nf6 2. c4 e6 3. Nc3 d5 4. cxd5 Nxd5 5. e4 Nxc3 6. bxc3 c5 7. Rb1 Be7 {D35: Queen's Gambit Declined: Exchange Variation.} 8. Nf3 O-O 9. h4 $1 {[%mdl 4] is more profitable than 9.Bc4 at the moment. Played by Levon Aronian in December 2019.} cxd4 {Black has an edge.} 10. cxd4 Nc6 11. h5 Bb4+ 12. Bd2 Bxd2+ 13. Qxd2 h6 14. Bb5 {[#]} Bd7 $146 ({Predecessor:} 14... Na5 15. Rh3 Kh8 16. Rg3 a6 17. Bd3 Bd7 18. d5 exd5 19. Qc3 f6 20. Nh4 Re8 {0-1 (35) Hracek,Z (2555)-Pulpan,J (2421) Czech Republic 2019}) 15. O-O b6 16. Bd3 Ne7 17. Rbc1 $36 {[%mdl 2048] Black is under pressure.} Bc6 18. d5 exd5 19. e5 d4 (19... Rc8 $11) 20. Nxd4 $16 Bb7 ({Don't go for} 20... Qxd4 $2 21. Bh7+ $1 {[%mdl 512]} Kxh7 22. Qxd4 $18) 21. Rfe1 $1 Rc8 ({Avoid the trap} 21... Qxd4 $2 22. Bh7+ $1 {[%mdl 512]} Kxh7 23. Qxd4 $18) 22. Rxc8 Qxc8 23. e6 {And now Nf5 would win.} Bd5 {[%cal Rf7e6] [#]} 24. Bf5 ({White should try} 24. Bc2 $1 $16) 24... Qd8 $11 {The position is equal.} 25. Qb2 Nxf5 26. Nxf5 {[%csl Gf5][%cal Rb2g7]} Qg5 {[%csl Gd5][%cal Rg5g2][%mdl 64] Double Attack} 27. exf7+ Bxf7 28. Ne7+ Kh8 29. Re5 Qf6 30. Qe2 Rd8 31. a3 Qd6 32. Rf5 Be6 33. Ng6+ Kg8 34. Rf4 Bf7 {Accuracy: White = 84%, Black = 85%.} 1/2-1/2

[Event "AUT-ch Open 2020"]
[Site "Graz"]
[Date "2020.02.19"]
[Round "7.12"]
[White "Konyves, Almos"]
[Black "Molnar, Bela"]
[Result "0-1"]
[WhiteElo "2031"]
[BlackElo "2312"]
[Annotator "NA"]
[PlyCount "90"]
[EventDate "2020.02.14"]
[EventType "swiss"]
[EventCountry "AUT"]
[SourceTitle "playchess.com"]
[Source "ChessBase"]
[SourceQuality "1"]
[TimeControl "40/5400+30:1800+30"]

1. e4 {[%emt 0:00:00]} c5 {[%emt 0:00:00]} 2. Nf3 {[%emt 0:00:00]} Nc6 {[%emt 0:00:17]} 3. Nc3 {[%emt 0:00:20]} e6 {[%emt 0:00:09]} 4. Be2 {[%emt 0:01:24]} a6 {[%emt 0:00:22]} 5. a4 {[%emt 0:00:25]} Nf6 {[%emt 0:00:29]} 6. O-O {[%emt 0:00:17]} Qc7 {[%emt 0:00:33]} 7. Re1 {[%emt 0:02:23]} d6 {[%emt 0:04:20]} 8. d3 {[%emt 0:01:47]} Rb8 {[%emt 0:00:30]} 9. Bf1 {[%emt 0:07:06]} b5 {[%emt 0:00:47]} 10. axb5 {[%emt 0:00:38]} axb5 {[%emt 0:00:09]} 11. h3 {[%emt 0:04:34]} Be7 {[%emt 0:00:23]} 12. Bf4 {[%emt 0:01:17]} b4 {[%emt 0:00:56]} 13. Nb1 {[%emt 0:03:15]} e5 {[%emt 0:01:40]} 14. Bh2 {[%emt 0:00:55]} O-O {[%emt 0:02:05]} 15. Nbd2 {[%emt 0:01:26]} h6 {[%emt 0:00:26]} 16. Nc4 {[%emt 0:00:58]} Be6 {[%emt 0:00:14]} 17. Nfd2 {[%emt 0:03:08]} Ra8 {[%emt 0:00:33]} 18. c3 {[%emt 0:06:13]} Nd7 {[%emt 0:05:02]} 19. Ne3 {[%emt 0:02:36]} bxc3 {[%emt 0:00:52]} 20. bxc3 {[%emt 0:00:06]} Bg5 {[%emt 0:00:14]} 21. Ndc4 {[%emt 0:08:18]} g6 {[%emt 0:01:52]} 22. g3 {[%emt 0:06:47]} h5 {[%emt 0:02:21]} 23. f4 {[%emt 0:01:12]} Bh6 {[%emt 0:02:29]} 24. f5 {[%emt 0:06:57]} Bxc4 {[%emt 0:00:52]} 25. Nxc4 {[%emt 0:01:05]} Nb6 {[%emt 0:01:37]} 26. Qb3 {[%emt 0:02:00]} Nxc4 {[%emt 0:02:07]} 27. Qxc4 {[%emt 0:00:16]} Na5 {[%emt 0:01:44]} 28. Qa2 {[%emt 0:06:26]} Kg7 {[%emt 0:01:55]} 29. c4 {[%emt 0:01:46]} Ra7 {[%emt 0:00:43]} 30. g4 {[%emt 0:02:12]} hxg4 {[%emt 0:00:16]} 31. hxg4 {[%emt 0:00:06]} Nc6 {[%emt 0:00:27]} 32. Qf2 {[%emt 0:01:59]} Bg5 {[%emt 0:00:18]} 33. Bg3 {[%emt 0:01:15]} Nd4 {[%emt 0:00:20]} 34. Bg2 {[%emt 0:01:35]} Rfa8 {[%emt 0:03:54]} 35. Rxa7 {[%emt 0:09:48]} Qxa7 {[%emt 1:06:34]} 36. fxg6 {[%emt 0:17:30]} f6 {[%emt 0:00:30]} 37. Bh4 {[%emt 0:00:30]} Bf4 {[%emt 0:00:30]} 38. Bg3 {[%emt 0:00:30]} Qa2 {[%emt 0:00:30]} 39. Bxf4 {[%emt 0:00:30]} Qxf2+ {[%emt 0:00:30]} 40. Kxf2 {[%emt 0:00:30]} exf4 {[%emt 0:00:00]} 41. Rb1 {[%emt 0:28:03]} Ra2+ {[%emt 0:00:00]} 42. Kg1 {[%emt 0:00:32]} f3 {[%emt 0:00:00]} 43. Bf1 {[%emt 0:00:08]} Kxg6 {[%emt 0:00:00]} 44. Rb6 {[%emt 0:00:36]} Kg5 {[%emt 0:00:00]} 45. Rxd6 {[%emt 0:00:37]} Kf4 {[%emt 0:00:00]} 0-1